| 000 | 00410nam a2200169Ia 4500 | ||
|---|---|---|---|
| 008 | 210210b1897 xxu||||| |||| 00| 0 eng d | ||
| 041 | _aeng | ||
| 082 | _a516/136 | ||
| 100 | _aTHORNTON (A) | ||
| 245 | _aTheoretical mechanics: solids | ||
| 260 |
_aLondon _bLongman Green & Co Ltd., _c1897 |
||
| 650 | _aTheoretical | ||
| 650 | _asolids | ||
| 650 | _amechanics: | ||
| 690 | _aMechanics | ||
| 906 | _a007852 | ||
| 999 |
_c140710 _d140710 |
||